Llwytho...
Winner Stands Alone /
| Prif Awdur: | |
|---|---|
| Fformat: | Printed Book |
| Cyhoeddwyd: |
London:
Harper-Collins,
2008.
|
| Rhifyn: | 2008 |
| Pynciau: |
| LEADER | 00530cam a2200169ua 4500 | ||
|---|---|---|---|
| 020 | |a 978-0-00-731868-1 | ||
| 082 | |a 869.34 |b COE/T | ||
| 100 | |a Coelho, Paulo | ||
| 245 | 1 | 0 | |a Winner Stands Alone / |
| 250 | |a 2008 | ||
| 260 | |a London: |b Harper-Collins, |c 2008. | ||
| 300 | |a 392. | ||
| 650 | |a Portugese fiction | ||
| 650 | 0 | |a Portugese literature | |
| 942 | |c BK | ||
| 999 | |c 28976 |d 28976 | ||
| 952 | |0 0 |1 0 |4 0 |6 869_340000000000000_COE |7 0 |9 30769 |a KUCL |b KUCL |d 2014-05-23 |l 14 |m 7 |o 869.34 COE/ |p 30541 |q 2021-01-07 |r 2020-12-07 |s 2020-12-07 |w 2014-05-23 |y BK | ||